Open Data Biblioteca Nacional de Portugal


República Portuguesa: Ministério da Cultura
Biblioteca Nacional de Portugal

Catálogo da BNP: acesso por Identificadores Unívocos
Registos Bibliográficos associados ao registo de autoridade

Etiqueta de registo: 00254nam 2200025 450
001 2283863
003 http://id.bnportugal.gov.pt/bib/catbnp/2283863
100 ## $a20260408d2025 k y0pory01030103ba
101 0# $apor$deng
102 ## $aPT
105 ## $ay m 000yy
106 ## $ar
200 1# $aValidação de um programa de promoção de estilos de vida saudável centrado nas famílias para aplicação de contexto escolar$fNicole Pereira Amorim$gorient. Irma da Silva Brito, Corália Maria Fortuna de Brito Vicente, Miguel Bernardo Ricou da Costa Macedo
210 #9 $aPorto$c[s.n.],$d2025
215 ## $a230 p.$d30 cm
328 #1 $aTese dout. Ciências Biomédicas, Instituto de Ciências Biomédicas Abel Salazar, Universidade do Porto, 2025
700 #1 $aAmorim,$bNicole Pereira$31994989
702 #1 $aBrito,$bIrma da Silva$4727$3820655
702 #1 $aVicente,$bCorália$4727$31383591
702 #1 $aMacedo,$bMiguel Bernardo Ricou da Costa$4727$31208844
801 #0 $aPT$bBN$gRPC
966 ## $lBN$mFGMON$x1
971 ## $cabrito$d20260408

OpendataBNP@bnportugal.pt | Mais informação sobre acesso aos dados BNP